[Event "St Petersburg Korchnoi Memorial op"]
[Site "St Petersburg"]
[Date "2019.08.14"]
[Round "1"]
[White "Shadunts, Kirill"]
[Black "Tologontegin, Semetey"]
[Result "0-1"]
[WhiteElo "1920"]
[BlackElo "2386"]
[PlyCount "46"]
[EventDate "2019.08.14"]
[EventType "swiss"]
[EventRounds "9"]
[EventCountry "RUS"]
[SourceTitle "CBM 192"]
[Source "ChessBase"]
[SourceDate "2019.10.31"]
[SourceVersion "1"]
[SourceVersionDate "2019.10.31"]
[SourceQuality "1"]

1. d4 g6 2. c4 Bg7 3. Nc3 d6 4. e4 e5 5. d5 Ne7 6. Be3 f5 7. f3 Nd7 8. Nge2 0-0 9. Nc1 a5 10. Be2 b6 11. Rb1 Nc5 12. b3 fxe4 13. fxe4 Kh8 14. a3 Bd7 15. Qd2 Ng8 16. Bf3 Bh6 17. Bxh6 Qh4+ 18. Qf2 Qxh6 19. 0-0 Nf6 20. Qe2 g5 21. h3 g4 22. hxg4 Nxg4 23. b4 Qh2# 0-1

[Event "Chigorin Memorial 26th"]
[Site "St Petersburg"]
[Date "2018.10.27"]
[Round "1"]
[White "Saveliev, Alexei"]
[Black "Shadunts, Kirill"]
[Result "1-0"]
[WhiteElo "2365"]
[BlackElo "1907"]
[PlyCount "73"]
[EventDate "2018.10.27"]
[EventType "swiss"]
[EventRounds "9"]
[EventCountry "RUS"]
[SourceTitle "CBM 187 Extra"]
[Source "ChessBase"]
[SourceDate "2018.11.04"]
[SourceVersion "1"]
[SourceVersionDate "2018.11.04"]
[SourceQuality "1"]

1. e4 e6 2. d4 d5 3. Nc3 Bb4 4. e5 c5 5. a3 Bxc3+ 6. bxc3 Qa5 7. Bd2 Qa4 8. Qb1 c4 9. h4 Nc6 10. h5 h6 11. Ne2 Nge7 12. Nf4 Bd7 13. g3 0-0-0 14. Bh3 Rdf8 15. 0-0 b6 16. Kh2 Nd8 17. Qd1 g5 18. Ng2 f5 19. exf6 Rxf6 20. f4 Rg8 21. Rc1 gxf4 22. Rxf4 Rxf4 23. Bxf4 Nf7 24. Qe2 Ng5 25. Bxg5 Rxg5 26. Bxe6 Qxa3 27. Bxd7+ Kxd7 28. Re1 Qd6 29. Nf4 b5 30. Qg2 Qf6 31. Re6 Rxh5+ 32. Kg1 Qf7 33. Rxe7+ Qxe7 34. Nxh5 Kd6 35. Nf4 Qf7 36. Qh3 Qf6 37. Qc8 1-0

[Event "St Petersburg Korchnoi Memorial op"]
[Site "St Petersburg"]
[Date "2018.08.19"]
[Round "5"]
[White "Shadunts, Kirill"]
[Black "Lysenko, Olesya"]
[Result "1-0"]
[WhiteElo "1893"]
[BlackElo "1709"]
[PlyCount "87"]
[EventDate "2018.08.15"]
[EventType "swiss"]
[EventRounds "9"]
[EventCountry "RUS"]
[SourceTitle "CBM 186 Extra"]
[Source "ChessBase"]
[SourceDate "2018.08.24"]
[SourceVersion "1"]
[SourceVersionDate "2018.08.24"]
[SourceQuality "1"]

1. d4 Nf6 2. c4 e6 3. Nc3 d5 4. cxd5 Nxd5 5. e4 Nxc3 6. bxc3 c5 7. Nf3 cxd4 8. cxd4 Bb4+ 9. Bd2 Bxd2+ 10. Qxd2 0-0 11. Be2 Nd7 12. 0-0 b6 13. Rac1 Bb7 14. Qf4 Nf6 15. Bd3 Rc8 16. Rxc8 Qxc8 17. e5 Qc3 18. exf6 Qxd3 19. fxg7 Kxg7 20. Ne5 Qe4 21. Qg5+ Kh8 22. Qf6+ Kg8 23. f3 Qxd4+ 24. Kh1 Qd8 25. Qh6 f6 26. Ng4 Bd5 27. a3 Qe7 28. Rc1 f5 29. Ne5 f4 30. Ng4 a6 31. Qh5 Qg7 32. h3 b5 33. Rc5 Qe7 34. Rc1 Qg7 35. Rc5 Qe7 36. Qe5 Qg7 37. Qh5 Qe7 38. Rc1 Qg7 39. Nh6+ Kh8 40. Rc5 Qa1+ 41. Kh2 Qg7 42. Ng4 Qb2 43. Rc7 Qb1 44. Qe5+ 1-0

[Event "Chigorin Memorial 25th"]
[Site "St Petersburg"]
[Date "2017.10.24"]
[Round "4"]
[White "Shadunts, Kirill"]
[Black "Ivanov, Sergei V"]
[Result "0-1"]
[WhiteElo "1845"]
[BlackElo "2103"]
[PlyCount "72"]
[EventDate "2017.10.21"]
[EventType "swiss"]
[EventRounds "9"]
[EventCountry "RUS"]
[SourceTitle "CBM 181 Extra"]
[Source "ChessBase"]
[SourceDate "2017.12.12"]
[SourceVersion "1"]
[SourceVersionDate "2017.12.12"]
[SourceQuality "1"]

1. d4 Nf6 2. c4 g6 3. Nc3 Bg7 4. e4 d6 5. f3 0-0 6. Be3 Nc6 7. Nge2 a6 8. Qd2 Rb8 9. Nc1 e5 10. d5 Nd4 11. Nb3 Nxb3 12. axb3 c5 13. Bd3 Nh5 14. g4 Nf4 15. Bxf4 exf4 16. Qxf4 b5 17. cxb5 axb5 18. 0-0 c4 19. Bc2 b4 20. Na4 Ba6 21. Rfd1 Bb5 22. bxc4 Bxc4 23. Qe3 Re8 24. Rac1 Qa5 25. b3 Bxd5 26. Qg5 Qa7+ 27. Kg2 Bc6 28. Rxd6 Bxa4 29. bxa4 b3 30. Bb1 Qxa4 31. Qd5 Qb5 32. Qd2 Be5 33. Rd5 Qb4 34. Qd3 Bf4 35. Rcc5 Qe1 36. Rd7 Qh4 0-1

[Event "Chigorin Memorial 25th"]
[Site "St Petersburg"]
[Date "2017.10.23"]
[Round "3"]
[White "Shceglov, Mikhail"]
[Black "Shadunts, Kirill"]
[Result "0-1"]
[WhiteElo "1503"]
[BlackElo "1845"]
[PlyCount "138"]
[EventDate "2017.10.21"]
[EventType "swiss"]
[EventRounds "9"]
[EventCountry "RUS"]
[SourceTitle "CBM 181 Extra"]
[Source "ChessBase"]
[SourceDate "2017.12.12"]
[SourceVersion "1"]
[SourceVersionDate "2017.12.12"]
[SourceQuality "1"]

1. e4 e6 2. d4 d5 3. exd5 exd5 4. Bd3 Bd6 5. Ne2 Qf6 6. c3 Ne7 7. Nd2 Bg4 8. Qc2 Nd7 9. h3 Bh5 10. 0-0 g5 11. Ng3 Bg6 12. Nf3 Bf4 13. Re1 0-0-0 14. Bxg6 hxg6 15. Nf1 Nf5 16. Bxf4 gxf4 17. N1h2 Nh4 18. Nxh4 Rxh4 19. Qe2 Qf5 20. Qe7 Rh7 21. Nf3 c6 22. Qg5 Qc2 23. Qxf4 f6 24. Qd2 Qf5 25. Re3 Qh5 26. Qe2 g5 27. Nh2 Qg6 28. Re1 Rh4 29. Re8 Rxe8 30. Qxe8+ Qxe8 31. Rxe8+ Kc7 32. f3 b6 33. Ng4 c5 34. dxc5 bxc5 35. Kf2 Rh7 36. Ke3 Kd6 37. Kd3 Rh4 38. Ra8 Rh7 39. Kd2 f5 40. Ne3 f4 41. Ng4 Nb6 42. Rg8 Nc4+ 43. Kc1 Re7 44. Rg6+ Re6 45. Rxe6+ Kxe6 46. Nf2 Ne3 47. Nd3 c4 48. Ne1 a5 49. b3 Kd6 50. Kb2 Kc5 51. a3 Nd1+ 52. Kc2 Ne3+ 53. Kb2 cxb3 54. Kxb3 a4+ 55. Kxa4 Kc4 56. Ka5 Kxc3 57. Kb5 Kd2 58. a4 Kxe1 59. a5 d4 60. a6 d3 61. a7 d2 62. a8Q d1Q 63. Qe8 Kf2 64. Qh5 Qd5+ 65. Kb4 Kxg2 66. h4 gxh4 67. Qxh4 Qxf3 68. Qg5+ Qg4 69. Qc5 f3+ 0-1

[Event "Chigorin Memorial 24th"]
[Site "St Petersburg"]
[Date "2016.10.23"]
[Round "9"]
[White "Shadunts, Kirill"]
[Black "Zubova, Mariya"]
[Result "0-1"]
[WhiteElo "1787"]
[BlackElo "2051"]
[PlyCount "124"]
[EventDate "2016.10.15"]
[EventType "swiss"]
[EventRounds "9"]
[EventCountry "RUS"]
[SourceTitle "CBM 175 Extra"]
[Source "ChessBase"]
[SourceDate "2016.12.12"]
[SourceVersion "1"]
[SourceVersionDate "2016.12.12"]
[SourceQuality "1"]

1. d4 Nf6 2. c4 g6 3. Nc3 d5 4. cxd5 Nxd5 5. e4 Nxc3 6. bxc3 Bg7 7. Be3 c5 8. Qd2 Qa5 9. Rc1 cxd4 10. cxd4 Qxd2+ 11. Bxd2 0-0 12. d5 e6 13. Bc4 exd5 14. Bxd5 Nd7 15. f3 Nb6 16. Bb3 Bd7 17. Ne2 Ba4 18. 0-0 Rac8 19. Be3 Bxb3 20. axb3 Bb2 21. Rxc8 Rxc8 22. Rd1 Bf6 23. Rd2 Rd8 24. Ra2 Rd3 25. Bh6 a6 26. Nc1 Rc3 27. Bd2 Rc6 28. Kf2 h5 29. Ke2 Nd7 30. Nd3 Nc5 31. b4 Nb3 32. Be3 Bc3 33. Rc2 Nd4+ 34. Bxd4 Bxd4 35. Rxc6 bxc6 36. Nc1 Kf8 37. Kd3 Bg1 38. h3 c5 39. Ne2 Bf2 40. Kc4 cxb4 41. Kxb4 Be1+ 42. Kc4 Ke7 43. Kd5 h4 44. f4 a5 45. e5 Bd2 46. Ke4 a4 47. Nd4 a3 48. f5 a2 49. Nc2 Bc3 50. Kf4 gxf5 51. Kxf5 a1Q 52. Nxa1 Bxa1 53. Kg4 Bxe5 54. Kxh4 Kf6 55. Kg4 Kg6 56. Kf3 Kg5 57. g4 Kh4 58. Ke4 Bf6 59. Kf4 Bg5+ 60. Kf5 f6 61. Ke4 Kxh3 62. Kf3 Kh4 0-1

[Event "Chigorin Memorial 24th"]
[Site "St Petersburg"]
[Date "2016.10.15"]
[Round "1"]
[White "Gogolev, Artem"]
[Black "Shadunts, Kirill"]
[Result "1-0"]
[WhiteElo "2287"]
[BlackElo "1787"]
[PlyCount "71"]
[EventDate "2016.10.15"]
[EventType "swiss"]
[EventRounds "9"]
[EventCountry "RUS"]
[SourceTitle "CBM 175 Extra"]
[Source "ChessBase"]
[SourceDate "2016.12.12"]
[SourceVersion "1"]
[SourceVersionDate "2016.12.12"]
[SourceQuality "1"]

1. Nf3 d5 2. c4 d4 3. e3 c5 4. exd4 cxd4 5. d3 Nc6 6. g3 e5 7. Bg2 Bd6 8. 0-0 Nge7 9. a3 a5 10. Nbd2 0-0 11. Qc2 b6 12. Re1 Ra7 13. Rb1 a4 14. Ne4 Bc7 15. b4 axb3 16. Qxb3 Kh8 17. Bd2 f5 18. Neg5 h6 19. c5 hxg5 20. cxb6 Bxb6 21. Qxb6 Rxa3 22. Qxd8 Rxd8 23. Bxg5 Rg8 24. Bxe7 Nxe7 25. Nxe5 Kh7 26. Rb4 Ng6 27. Nxg6 Kxg6 28. Rxd4 f4 29. Rxf4 Re8 30. Be4+ Kg5 31. Rc1 Ra5 32. h4+ Kh5 33. Rc6 Be6 34. Bf3+ Kg6 35. Re4 Kf6 36. Bg4 1-0

[Event "St Petersburg Summer op"]
[Site "St Petersburg"]
[Date "2016.08.23"]
[Round "7"]
[White "Shadunts, Kirill"]
[Black "Zabolotnov, Evgeny"]
[Result "1-0"]
[WhiteElo "1824"]
[BlackElo "1994"]
[PlyCount "125"]
[EventDate "2016.08.17"]
[EventType "swiss"]
[EventRounds "9"]
[EventCountry "RUS"]
[SourceTitle "CBM 174 Extra"]
[Source "ChessBase"]
[SourceDate "2016.10.10"]
[SourceVersion "1"]
[SourceVersionDate "2016.10.10"]
[SourceQuality "1"]

1. d4 d5 2. c4 c6 3. Nf3 Nf6 4. Nc3 dxc4 5. a4 Bf5 6. e3 e6 7. Bxc4 Bb4 8. 0-0 Nbd7 9. Qe2 Bg6 10. e4 0-0 11. Bd3 h6 12. h3 Qe7 13. Bf4 c5 14. e5 Bxd3 15. Qxd3 Nd5 16. Nxd5 exd5 17. dxc5 Nxc5 18. Qxd5 Rfd8 19. Qc4 Nd3 20. b3 Rac8 21. Qe4 Qe6 22. Nd4 Qg6 23. Qxg6 fxg6 24. Be3 Bc3 25. Rad1 Nb2 26. Rb1 Rxd4 27. Bxd4 Bxd4 28. Rbc1 Rxc1 29. Rxc1 Bxe5 30. Rc8+ Kf7 31. Rd8 Ke7 32. Rd2 a6 33. Kf1 Ke6 34. Ke2 b5 35. axb5 axb5 36. Rd8 b4 37. g3 Bf6 38. Rb8 Bc3 39. Rb5 Kf6 40. f3 Ke6 41. Rb6+ Kf5 42. Rb5+ Kf6 43. h4 Ke6 44. g4 Kf6 45. Rb6+ Kf7 46. f4 g5 47. fxg5 hxg5 48. h5 Ke7 49. Rb5 Kf6 50. Rf5+ Ke6 51. Rxg5 Kf7 52. Rb5 Ke6 53. g5 Kf7 54. Rb6 Ke7 55. Rb7+ Ke6 56. h6 gxh6 57. gxh6 Kf6 58. Rg7 Ke6 59. Rg2 Kf7 60. Rg4 Kf8 61. h7 Bg7 62. Rxb4 Kf7 63. Rb8 1-0

[Event "St Petersburg Summer op"]
[Site "St Petersburg"]
[Date "2016.08.19"]
[Round "3"]
[White "Shadunts, Kirill"]
[Black "Nasybullina, Alfia"]
[Result "1/2-1/2"]
[WhiteElo "1824"]
[BlackElo "2141"]
[PlyCount "101"]
[EventDate "2016.08.17"]
[EventType "swiss"]
[EventRounds "9"]
[EventCountry "RUS"]
[SourceTitle "CBM 174 Extra"]
[Source "ChessBase"]
[SourceDate "2016.10.10"]
[SourceVersion "1"]
[SourceVersionDate "2016.10.10"]
[SourceQuality "1"]

1. d4 Nf6 2. c4 e6 3. Nc3 d5 4. cxd5 exd5 5. Bg5 c6 6. Qc2 Be7 7. e3 Ne4 8. Bxe7 Qxe7 9. Bd3 Nxc3 10. bxc3 Qg5 11. Ne2 Nd7 12. Ng3 h6 13. Rb1 0-0 14. 0-0 Qd8 15. f3 b5 16. e4 Nb6 17. e5 Nc4 18. Bxc4 dxc4 19. Rbd1 Be6 20. f4 Bd5 21. f5 f6 22. Qd2 b4 23. cxb4 a5 24. a3 axb4 25. axb4 Ra3 26. Qf4 Qe7 27. exf6 Qxf6 28. Qe5 Ra2 29. Rf2 Rxf2 30. Kxf2 Ra8 31. Rd2 Qg5 32. Re2 Qh4 33. h3 Kh7 34. b5 Ra3 35. bxc6 Bxc6 36. Rc2 Be4 37. Rd2 Bd5 38. f6 Qxf6+ 39. Qxf6 gxf6 40. Ne2 Be4 41. d5 Bd3 42. Nc1 Bf5 43. d6 Ra7 44. Ne2 Rd7 45. Rd4 Kg7 46. Rxc4 Rxd6 47. Rd4 Ra6 48. g4 Be6 49. Nf4 Bf7 50. Kg3 Ra3+ 51. Rd3 1/2-1/2

[Event "Chigorin Memorial 23rd"]
[Site "St Petersburg"]
[Date "2015.10.11"]
[Round "9"]
[White "Yakovlev, Yuri S"]
[Black "Shadunts, Kirill"]
[Result "1-0"]
[WhiteElo "1971"]
[BlackElo "1715"]
[PlyCount "61"]
[EventDate "2015.10.03"]
[EventType "swiss"]
[EventRounds "9"]
[EventCountry "RUS"]
[SourceTitle "CBM 168 Extra"]
[Source "ChessBase"]
[SourceDate "2015.10.29"]
[SourceVersion "1"]
[SourceVersionDate "2015.10.29"]
[SourceQuality "1"]

1. e4 e6 2. d4 d5 3. e5 c5 4. c3 Qb6 5. Nf3 Nc6 6. a3 Nh6 7. b4 cxd4 8. cxd4 Nf5 9. Be3 Nxe3 10. fxe3 f6 11. b5 Na5 12. Nc3 Bd7 13. Na4 Qd8 14. Nc5 Bxc5 15. dxc5 Qc7 16. exf6 gxf6 17. Qd4 Kf7 18. Qb4 e5 19. Be2 Rhg8 20. 0-0 e4 21. b6 axb6 22. cxb6 Qb8 23. Qd4 exf3 24. Bxf3 Qd6 25. Bxd5+ Kg7 26. Qh4 Rgf8 27. Be4 h6 28. Rad1 Qe7 29. Rf3 Rh8 30. Rxd7 Qxd7 31. Qxf6+ 1-0

[Event "Chigorin Memorial 23rd"]
[Site "St Petersburg"]
[Date "2015.10.06"]
[Round "4"]
[White "Machlik, Edit"]
[Black "Shadunts, Kirill"]
[Result "1-0"]
[WhiteElo "1946"]
[BlackElo "1715"]
[PlyCount "79"]
[EventDate "2015.10.03"]
[EventType "swiss"]
[EventRounds "9"]
[EventCountry "RUS"]
[SourceTitle "CBM 168 Extra"]
[Source "ChessBase"]
[SourceDate "2015.10.29"]
[SourceVersion "1"]
[SourceVersionDate "2015.10.29"]
[SourceQuality "1"]

1. d4 d5 2. c4 e6 3. Nc3 Be7 4. cxd5 exd5 5. Bf4 Nf6 6. e3 c6 7. Bd3 Bd6 8. Bg5 h6 9. Bh4 Nbd7 10. Nf3 0-0 11. 0-0 Re8 12. Rb1 g5 13. Bg3 Bxg3 14. hxg3 Ne4 15. Bxe4 dxe4 16. Nd2 f5 17. g4 Nf6 18. gxf5 b6 19. f3 Ba6 20. Re1 Bd3 21. Rc1 Qd7 22. Ndxe4 Bxe4 23. fxe4 Nxe4 24. Qd3 Nxc3 25. Rxc3 Kg7 26. e4 Rad8 27. Rd1 Rf8 28. g4 Qb7 29. e5 c5 30. d5 Rfe8 31. f6+ Kh8 32. Qe4 Rd7 33. e6 Rh7 34. Qe5 Kg8 35. f7+ Rxf7 36. exf7+ Qxf7 37. Qf5 Qg7 38. Rf3 Re2 39. Qf6 Qxf6 40. Rxf6 1-0

[Event "Chigorin Memorial 23rd"]
[Site "St Petersburg"]
[Date "2015.10.04"]
[Round "2"]
[White "Nochovniy, Vladimir Nikolaevic"]
[Black "Shadunts, Kirill"]
[Result "1/2-1/2"]
[WhiteElo "2018"]
[BlackElo "1715"]
[PlyCount "101"]
[EventDate "2015.10.03"]
[EventType "swiss"]
[EventRounds "9"]
[EventCountry "RUS"]
[SourceTitle "CBM 168 Extra"]
[Source "ChessBase"]
[SourceDate "2015.10.29"]
[SourceVersion "1"]
[SourceVersionDate "2015.10.29"]
[SourceQuality "1"]

1. e4 c5 2. Nf3 Nc6 3. d4 cxd4 4. Nxd4 g6 5. Nc3 Bg7 6. Be3 Nf6 7. f3 0-0 8. Qd2 d5 9. exd5 Nb4 10. Bc4 Nbxd5 11. Nxd5 Nxd5 12. Bf2 Nb6 13. Bb3 Bd7 14. c3 Ba4 15. Qe2 e5 16. Nc2 Bxb3 17. axb3 a6 18. Rd1 Qc7 19. 0-0 Rad8 20. Ne3 Rxd1 21. Rxd1 Rd8 22. Kf1 Kf8 23. Ke1 f5 24. Rxd8+ Qxd8 25. Nc4 Nxc4 26. Qxc4 Bh6 27. Bc5+ Kg7 28. Qe2 Qd5 29. b4 Kf6 30. g3 b5 31. Kf2 Ke6 32. Be3 Bg7 33. Qc2 Kd7 34. b3 Bf8 35. c4 Qc6 36. Qc3 Ke6 37. c5 Be7 38. f4 Bf6 39. fxe5 Bxe5 40. Bd4 Bxd4+ 41. Qxd4 Qh1 42. Qd6+ Kf7 43. h4 Qh2+ 44. Ke1 Qg1+ 45. Kd2 Qf2+ 46. Kc1 Qe3+ 47. Kb2 Qe2+ 48. Ka3 Qe1 49. Qd5+ Kf8 50. Qd6+ Kf7 51. Kb2 1/2-1/2

[Event "Chigorin Memorial 22nd"]
[Site "St Petersburg"]
[Date "2014.10.20"]
[Round "3"]
[White "Shadunts, Kirill"]
[Black "Mikhailov, Ivan"]
[Result "0-1"]
[WhiteElo "1696"]
[BlackElo "1959"]
[PlyCount "96"]
[EventDate "2014.10.18"]
[EventType "swiss"]
[EventRounds "9"]
[EventCountry "RUS"]
[SourceTitle "EXT 2015"]
[Source "ChessBase"]
[SourceDate "2014.11.20"]
[SourceVersion "1"]
[SourceVersionDate "2014.11.20"]
[SourceQuality "1"]

1. d4 d5 2. c4 c6 3. Nf3 Nf6 4. Nc3 e6 5. Bg5 Nbd7 6. e3 Qa5 7. Nd2 dxc4 8. Bxf6 Nxf6 9. Nxc4 Qc7 10. Be2 Nd5 11. 0-0 Nxc3 12. bxc3 Be7 13. Bd3 0-0 14. f4 c5 15. Ne5 g6 16. Qf3 Bf6 17. Rfc1 Rb8 18. Rab1 b6 19. g3 Bb7 20. Be4 Bxe4 21. Qxe4 Bg7 22. Nf3 Rfd8 23. g4 Rbc8 24. Rd1 cxd4 25. cxd4 Qc2 26. Qxc2 Rxc2 27. Rd2 Rdc8 28. Rb2 Rc1+ 29. Kf2 Bf8 30. Ne5 Ba3 31. Rb3 Bd6 32. Nd3 R1c4 33. g5 Kg7 34. Rbb2 h5 35. h4 Kf8 36. Ke2 Ba3 37. Rb1 Ke7 38. Kd1 Rc3 39. Ke2 Kd6 40. Kd1 R8c7 41. Ke2 Bc1 42. Nxc1 Rxc1 43. Rxc1 Rxc1 44. Rd1 Rxd1 45. Kxd1 Kd5 46. Kd2 Ke4 47. Ke2 b5 48. Kd2 a5 0-1

[Event "St Petersburg Early Bird Rating"]
[Site "St Petersburg"]
[Date "2014.06.14"]
[Round "8"]
[White "Shadunts, Kirill"]
[Black "Latyev, Yury"]
[Result "0-1"]
[WhiteElo "1649"]
[BlackElo "2115"]
[PlyCount "42"]
[EventDate "2014.06.07"]
[EventType "swiss"]
[EventRounds "9"]
[EventCountry "RUS"]
[SourceTitle "CBM 160 Extra"]
[Source "ChessBase"]
[SourceDate "2014.07.01"]
[SourceVersion "1"]
[SourceVersionDate "2014.07.01"]
[SourceQuality "1"]

1. d4 Nf6 2. c4 g6 3. Nc3 Bg7 4. e4 d6 5. f3 0-0 6. Be3 Nc6 7. Nge2 Rb8 8. g4 a6 9. Ng3 e5 10. d5 Nd4 11. Bxd4 exd4 12. Nce2 c5 13. dxc6 bxc6 14. Nxd4 Rxb2 15. Nge2 Bxg4 16. Nxc6 Qb6 17. Ne7+ Kh8 18. Bg2 Nxe4 19. Nd4 Bxd4 20. fxg4 Bc3+ 21. Kf1 Qf2# 0-1